000 00612nam a22002052 4500
001 0000004037
005 20151217145750.0
008 070518s xx 000 0 eng d
020 _a1405126736 :
_cGBP 40.00
040 _aKABU
_cKABU
050 0 _aQD549
_b.C65
245 1 0 _aColloid science :
_bprinciples, methods and applications /
_cedited by Terence Cosgrove.
260 _aOxford :
_bBlackwell,
_c2003.
300 _axvi, 288 p.
650 0 _aColliods.
_@0000154376
700 1 _aCosgrove, Terence.
_@0000154377
908 _a070518
950 _@1
999 _c2402
_d2402